Madison County rediscovered : (Record no. 18895)
[ view plain ]
| 000 -LEADER | |
|---|---|
| fixed length control field | 01144cam a2200301 a 4500 |
| 001 - CONTROL NUMBER | |
| control field | 2424340 |
| 005 - DATE AND TIME OF LATEST TRANSACTION | |
| control field | 20170114104236.0 |
| 008 - FIXED-LENGTH DATA ELEMENTS--GENERAL INFORMATION | |
| fixed length control field | 880805s1988 kyua b 001 0 eng |
| 010 ## - LIBRARY OF CONGRESS CONTROL NUMBER | |
| LC control number | 87061931 |
| 020 ## - INTERNATIONAL STANDARD BOOK NUMBER | |
| International Standard Book Number | 0961516216 : |
| Terms of availability | $14.95 |
| 040 ## - CATALOGING SOURCE | |
| Original cataloging agency | DLC |
| Transcribing agency | DLC |
| Modifying agency | DLC |
| 043 ## - GEOGRAPHIC AREA CODE | |
| Geographic area code | n-us-ky |
| 050 00 - LIBRARY OF CONGRESS CALL NUMBER | |
| Classification number | NA730 |
| Item number | .K42M345 1988 |
| 100 1# - MAIN ENTRY--PERSONAL NAME | |
| Personal name | Kubiak, Lavinia H. |
| Fuller form of name | (Lavinia Harvey), |
| Dates associated with a name | 1947- |
| 245 10 - TITLE STATEMENT | |
| Title | Madison County rediscovered : |
| Remainder of title | selected historic architecture / |
| Statement of responsibility, etc. | Lavinia H. Kubiak for Madison County Historical Society and the Kentucky Heritage Council. |
| 260 ## - PUBLICATION, DISTRIBUTION, ETC. (IMPRINT) | |
| Place of publication, distribution, etc. | Richmond, Ky. : |
| Name of publisher, distributor, etc. | The Society, |
| Date of publication, distribution, etc. | c1988. |
| 300 ## - PHYSICAL DESCRIPTION | |
| Extent | x, 274 p. : |
| Other physical details | ill. ; |
| Dimensions | 23 cm. |
| 500 ## - GENERAL NOTE | |
| General note | Includes index. |
| 504 ## - BIBLIOGRAPHY, ETC. NOTE | |
| Bibliography, etc | Bibliography: p. 251-253. |
| 650 #0 - SUBJECT ADDED ENTRY--TOPICAL TERM | |
| Topical term or geographic name as entry element | Architecture |
| Geographic subdivision | Kentucky |
| -- | Madison County |
| General subdivision | Guidebooks. |
| 651 #0 - SUBJECT ADDED ENTRY--GEOGRAPHIC NAME | |
| Geographic name | Madison County (Ky.) |
| General subdivision | History. |
| 710 2# - ADDED ENTRY--CORPORATE NAME | |
| Corporate name or jurisdiction name as entry element | Madison County Historical Society (Ky.) |
| 710 2# - ADDED ENTRY--CORPORATE NAME | |
| Corporate name or jurisdiction name as entry element | Kentucky Heritage Council. |
| 942 ## - ADDED ENTRY ELEMENTS (KOHA) | |
| Source of classification or shelving scheme | |
| Koha item type | Hard Covered Materials |
| Classification part | NA730 .K42M345 1988 |
| Withdrawn status | Lost status | Source of classification or shelving scheme | Damaged status | Not for loan | Home library | Current library | Shelving location | Date acquired | Source of acquisition | Total Checkouts | Full call number | Barcode | Date last seen | Price effective from | Koha item type |
|---|---|---|---|---|---|---|---|---|---|---|---|---|---|---|---|
| MACHAKOS UNIVERSITY LIBRARY | MACHAKOS UNIVERSITY LIBRARY | Technical section | 14/01/2017 | Donation(BFA) | NA730 .K42M345 1988 | 29426 | 23/07/2018 | 14/01/2017 | Hard Covered Materials |